Movies Quiz

Random Movies or Clickable Quiz

Movie Titles Missing Articles: 'A, An or The?' Quiz Stats

 Plays Quiz Updated Nov 10, 2017

Score 0/30 Timer 04:00
3 Plays Today
% Correct
The
96.4%
A
96.3%
The
96.1%
The
96%
The
95.6%
A
95.3%
The
94.7%
A
93.7%
The
93.5%
The
92.1%
A
91.7%
The
91.6%
The
91.2%
An
90.6%
A
90%
% Correct
A
89.3%
A
89.3%
A
88.5%
An
88.2%
An
86.2%
An
86%
The
85.6%
An
85.6%
An
82%
An
81.9%
A
79.5%
A
77.1%
An
75.8%
An
75.5%
An
64.9%

You're not logged in!

Compare scores with friends on all Sporcle quizzes.
OR
Log In

You Might Also Like...

Show Comments

Extras

Top Quizzes Today


Score Distribution

Your Account Isn't Verified!

In order to create a playlist on Sporcle, you need to verify the email address you used during registration. Go to your Sporcle Settings to finish the process.

Report this User

Report this user for behavior that violates our Community Guidelines.

Details: